Elementary Linear algebra (Record no. 6316)

MARC details
000 -LEADER
fixed length control field 00547nam a22002057a 4500
003 - CONTROL NUMBER IDENTIFIER
control field OSt
005 - DATE AND TIME OF LATEST TRANSACTION
control field 20191211143920.0
008 - FIXED-LENGTH DATA ELEMENTS--GENERAL INFORMATION
fixed length control field 150409b xxu||||| |||| 00| 0 eng d
020 ## - INTERNATIONAL STANDARD BOOK NUMBER
International Standard Book Number 0471449024
040 ## - CATALOGING SOURCE
Transcribing agency DDC
082 ## - DEWEY DECIMAL CLASSIFICATION NUMBER
Classification number 512.5 ANT 2005.
100 ## - MAIN ENTRY--PERSONAL NAME
Personal name Anton,Howard; Hill, David R.
9 (RLIN) 2693
245 ## - TITLE STATEMENT
Title Elementary Linear algebra
250 ## - EDITION STATEMENT
Edition statement 8th ed.
260 ## - PUBLICATION, DISTRIBUTION, ETC. (IMPRINT)
Place of publication, distribution, etc. New Jersey;
Name of publisher, distributor, etc. John Wiley and Sons,
Date of publication, distribution, etc. 2005.
300 ## - PHYSICAL DESCRIPTION
Extent xv, 832p;
Other physical details col.ill :
Dimensions 27 cm.
504 ## - BIBLIOGRAPHY, ETC. NOTE
Bibliography, etc includes index
650 ## - SUBJECT ADDED ENTRY--TOPICAL TERM
Topical term or geographic name as entry element Linear algebra
9 (RLIN) 3634
942 ## - ADDED ENTRY ELEMENTS (KOHA)
Source of classification or shelving scheme Dewey Decimal Classification
Koha item type Open Shelf
Holdings
Withdrawn status Lost status Source of classification or shelving scheme Damaged status Not for loan Home library Current library Date acquired Source of acquisition Inventory number Total Checkouts Full call number Barcode Date last seen Date last checked out Price effective from Koha item type
    Dewey Decimal Classification     MUST Main Library MUST Main Library 16/09/2019 Purchase 07/29133 2 512.5ANT 2005. 2019-0434 21/10/2019 03/10/2019 16/09/2019 Open Shelf